000 00418nam a22001697a 4500
003 MPLRDC
005 20220104144022.0
008 210129b ||||| |||| 00| 0 eng d
082 _a297.5 BDH
100 _a毕东海、毕东升著
245 _a向宇宙人呼唤
_c
250 _a初版
260 _a
_b四川教育出版社
_c1992
300 _b
650 _a异象奇闻; 奇迹
942 _cBK
_o297.5 BDH
999 _c45598
_d45588